Christian Samuel Ulber (1714-1776) - Ein bedeutender Kanzelprediger und Seelsorger in Landeshut und Hamburg
| Titel: | Christian Samuel Ulber (1714-1776) - Ein bedeutender Kanzelprediger und Seelsorger in Landeshut und Hamburg / Jürgen Schwanitz |
|---|---|
| Verfasser: | |
| In: |
Auf historischer Spurensuche im Bobertal... ; Bd. 3. Seminarband ... der 3. Bobertaltagung 2016, (2018), Seite 830-859 alle Artikel anzeigen |
| Veröffentlicht: | 2018 |
| Format: | Aufsatz |
| Sprache: | Deutsch |
X
alg: 48481469 001A $03025:27-08-21 001B $01999:27-08-21 $t22:30:48.000 001D $03025:27-08-21 001U $0utf8 001X $00 002@ $0Aou 002C $aText $btxt $2rdacontent 002D $aohne Hilfsmittel zu benutzen $bn $2rdamedia 002E $aBand $bnc $2rdacarrier 003@ $0484814699 007A $0484814699 $aHEB 010@ $ager 010E $erda 011@ $a2018 021A $aChristian Samuel Ulber (1714-1776) - Ein bedeutender Kanzelprediger und Seelsorger in Landeshut und Hamburg $hJürgen Schwanitz 028A $BVerfasser $4aut $7128481943 $8Schwanitz, Jürgen$Z1949- [Tp3] $9158981324 031A $h830-859 $j2018 039B $aEnthalten in $8--Afx--. Auf historischer Spurensuche im Bobertal... ; Bd. 3. Seminarband ... der 3. Bobertaltagung 2016. - Würzburg : Stiftung Kulturwerk Schlesien, 2018. - 811 - 1187 Seiten, [32] ungezählte Seiten. - Illustrationen. - ISBN 978-3-929817-09-6 $x201800000000000170 $9438600185 044K $#Ulber, Christian S. $#Ulber, Ch. S. $#Ulber, Christian S. $7134093879 $8Ulber, Christian Samuel$Z1714-1776 [Tp1] $9197443710 044K $RLandeshut $#Landeshut $75058478-9 $8Kamienna Góra [Tg1] $9044730373 044K $#Hamburg $#Hamburg $#Großhamburg $#Hamburgischer Staat $#Groß-Hamburg $#Hampuri $#Hamborg $#Wolne i Hanzeatyckie Miasto Hamburg $#Hanbao $#Freistaat Hamburg $#FHH $#Gamburg Hamburg $#Hamburgh $#Bundesstaat Hamburg $#Kayserliche Freye Reichs-Stadt Hamburg $#Kaiserliche Freie Reichsstadt Hamburg $#Hamburgisches Staatsgebiet $#HH $#Freie und Hansestadt Hamburg $#Hansestadt Hamburg $#Free and Hanseatic City of Hamburg $#Ville Libre et Hanséatique de Hambourg $#Hambourg $#Amburgo $#Hamburgo $#Freie Hansestadt Hamburg $#Hamburgum $#Hammonia Hamburg $#Hammipolis $#Augusta Gambriviorum $74023118-5 $8Hamburg [Tg1] $9085056995 044K $RGeistlicher $RPfarrer $RPredigerin $#Evangelists $#Évangélistes (prédicateurs protestants) $74130322-2 $8Prediger [Ts1] $9085460222 044K $RGeistlicher Beruf $RSeelsorge $RSeelsorgerin $#Chaplains $#Aumôniers $#Cappellani $74139959-6 $8Seelsorger [Ts1] $9085534978 045F $a200.9438509033 $eDDC23BSB 045F/01 $a200.9 045F/03 $f09033 045F/03 $g4385 045F/03 $g43515 045R $aGeschichte 1714-1776 lok: 48481469 78 exp: 48481469 78 1 #EPN 201B/01 $027-08-21 $t13:35:20.000 201C/01 $027-08-21 201U/01 $0utf8 203@/01 $01166033716 208@/01 $a27-08-21 $be 209A/01 $a/ $f000 $x00 209A/01 $ab*p $x01 220C/01 $apgar 244Z/01 $#Schlesien $#Schlesien $#Herzogtum Schlesien $#Herzogtum Schlesien Schlesien $#Provinz Schlesien $#Śla̜sk $#Slezsko $#Silesia $74052678-1 $8--Tg1--Schlesien $x01 $9085146781 247C/01 $82080>Marburg/Lahn, Herder-Institut, Forschungsbibliothek, Bibliographieportal $9336309341
| LEADER | 00000caa a2200000 c 4500 | ||
|---|---|---|---|
| 001 | 484814699 | ||
| 003 | DE-603 | ||
| 005 | 20210827223048.0 | ||
| 007 | tu | ||
| 008 | 210827s2018 xx |||| | u00||u|ger c | ||
| 035 | |a (DE-599)HEB484814699 | ||
| 040 | |a DE-603 |b ger |c DE-603 |d DE-603 |e rda | ||
| 041 | |a ger | ||
| 082 | 0 | 4 | |8 1\u |a 200.9438509033 |q DE-101 |2 23/BSB |
| 085 | |8 1\u |b 200.9 | ||
| 085 | |8 1\u |z 1 |s 09033 | ||
| 085 | |8 1\u |z 2 |s 4385 | ||
| 085 | |8 1\u |z 2 |s 43515 | ||
| 100 | 1 | |a Schwanitz, Jürgen |d 1949- |e Verfasser |4 aut |0 (DE-603)158981324 |0 (DE-588)128481943 |2 gnd | |
| 245 | 0 | 0 | |a Christian Samuel Ulber (1714-1776) - Ein bedeutender Kanzelprediger und Seelsorger in Landeshut und Hamburg |c Jürgen Schwanitz |
| 264 | 0 | |c 2018 | |
| 336 | |a Text |b txt |2 rdacontent | ||
| 337 | |a ohne Hilfsmittel zu benutzen |b n |2 rdamedia | ||
| 338 | |a Band |b nc |2 rdacarrier | ||
| 600 | 1 | 7 | |a Ulber, Christian Samuel |d 1714-1776 |0 (DE-588)134093879 |0 (DE-603)197443710 |2 gnd |
| 648 | 7 | |a Geschichte 1714-1776 |2 gnd | |
| 650 | 7 | |a Prediger |0 (DE-588)4130322-2 |0 (DE-603)085460222 |2 gnd | |
| 650 | 7 | |a Seelsorger |0 (DE-588)4139959-6 |0 (DE-603)085534978 |2 gnd | |
| 651 | 7 | |a Kamienna Góra |0 (DE-588)5058478-9 |0 (DE-603)044730373 |2 gnd | |
| 651 | 7 | |a Hamburg |0 (DE-588)4023118-5 |0 (DE-603)085056995 |2 gnd | |
| 773 | 0 | 8 | |i Enthalten in |t Auf historischer Spurensuche im Bobertal... ; Bd. 3. Seminarband ... der 3. Bobertaltagung 2016 |d Würzburg : Stiftung Kulturwerk Schlesien, 2018 |h 811 - 1187 Seiten, [32] ungezählte Seiten, Illustrationen |z 9783929817096 |g (2018), Seite 830-859 |w (DE-603)438600185 |
| 924 | 0 | |9 2080 |a (DE-603)1166033716 |b DE-2080 |c HES |d d |g / | |


